International Journal of Electronic and Electrical Engiineering (Record no. 5727)

MARC details
000 -LEADER
fixed length control field 00296nam a22001097a 4500
005 - DATE AND TIME OF LATEST TRANSACTION
control field 20180828183533.0
008 - FIXED-LENGTH DATA ELEMENTS--GENERAL INFORMATION
fixed length control field 180828b xxu||||| |||| 00| 0 eng d
022 ## - INTERNATIONAL STANDARD SERIAL NUMBER
ISSN 0974-2174
245 ## - TITLE STATEMENT
Title International Journal of Electronic and Electrical Engiineering
260 ## - PUBLICATION, DISTRIBUTION, ETC. (IMPRINT)
Name of publisher Serial Publication
942 ## - ADDED ENTRY ELEMENTS (KOHA)
Koha item type Journals/Serial

No items available.